MARC

LEADER 00000nam0a2200000 4500
001 185942
005 20231101223941.0
035 |a (RuTPU)RU\TPU\book\201761 
090 |a 185942 
100 |a 20101019d1977 m y0rusy50 ca 
101 0 |a rus 
102 |a RU 
105 |a a j 001zy 
200 1 |a Курс общей астрономии  |e учебник  |f П. И. Бакулин, Э. В. Кононович, В. И. Мороз 
205 |a 4-е изд., испр. и доп. 
210 |a Москва  |c Наука  |d 1977 
215 |a 544 с.  |c ил. 
320 |a Библиогр.: с. 529. 
320 |a Алфавитный указатель: с. 530-543. 
453 1 |0 (RuTPU)RU\TPU\retro\22307  |t Курс общей астрономии  |l Astronomie generale  |o [учебник]  |f П. И. Бакулин, Э. В. Кононович, В. И. Мороз  |g пер. В. Полонски  |c Москва  |n Мир  |d 1981  |p 523 с.  |a Бакулин, Павел Иванович 
606 |a Астрономия  |2 stltpush  |3 (RuTPU)RU\TPU\subj\29567  |9 52865 
610 1 |a основные сведения 
610 1 |a небесные тела 
610 1 |a размеры 
610 1 |a формы 
610 1 |a Земля 
610 1 |a Луна 
610 1 |a затмения 
610 1 |a астрофизика 
610 1 |a астрофизические инструменты 
610 1 |a Солнце 
610 1 |a Солнечная система 
610 1 |a звезды 
610 1 |a Галактика 
610 1 |a учебники 
610 1 |a планеты 
610 1 |a движение 
675 |a 52(075.8)  |v 3 
700 1 |a Бакулин  |b П. И.  |g Павел Иванович 
701 1 |a Кононович  |b Э. В.  |g Эдвард Владимирович 
701 1 |a Мороз  |b В. И.  |g Василий Иванович 
801 1 |a RU  |b 63413507  |c 20101019 
801 2 |a RU  |b 63413507  |c 20220117  |g RCR 
942 |c BK